000 03395cam a22006614i 4500
003 PE-LiUPU
005 20250731165603.0
008 150625s2007 pe a rb 000 0 spa d
020 _a9972380416
020 _a9789972380419
035 _a(Sirsi) i9789972380419
040 _aPE-LiUPU
_bspa
_cPE-LiUPU
_dPE-LiUPU
_erda
049 _aPRUA
082 0 4 _a001.42
_bV19
082 0 4 _a001.42
_bV192007
_221
100 1 _aValderrama Mendoza, Santiago,
_eautor.
245 1 0 _aPasos para elaborar proyectos y tesis de investigación científica /
_cSantiago Valderrama Mendoza.
264 1 _aLima :
_bSan Marcos,
_c2007.
300 _a310 páginas :
_bilustraciones ;
_c24 centímetros
336 _atext
_2rdacontent
337 _aunmediated
_2rdamedia
338 _avolume
_2rdacarrier
504 _aIncluye bibliografía.
505 0 _aCiencia método e investigación -- Algunos métodos básicos para la investigación científica -- ¿Cómo elaborar un proyecto de investigación? -- Población y muestra -- Técnicas e instrumentos de investigación -- La tesis o el informe científico -- Esquemas o diseños de investigación.
526 _aSEG44
526 _aSEG26
526 _aP151
526 _aP150
526 _aP149
526 _aP146
526 _aP145
526 _aP126
526 _aP125
526 _aP92
526 _aP75
526 _aP74
526 _aP27
526 _aP15
541 _g001-007516;
650 0 4 _aInvestigación
_xMetodología.
650 0 4 _aProyectos de investigación.
650 0 4 _aTesis y disertaciones académicas
_xMetodología.
910 _agl
_bjv
_clch
_d20090201
910 _btqv
_cwelc
_d20160713
942 _2ddc
_cBOOK
949 _a001.42 V19 2007
_wDEWEY
_c1
_i58920
_d2016-4-18
_e2016-4-18
_lCCODEBUL1
_mBUL
_n1
_p12.00
_r0
_sY
_tBOOK
_u2015-6-25
_xFCE
_PP08
_0COMPRA
_o.STAFF. Colección Ciencias Empresariales
949 _a001.42 V19 2007
_wDEWEY
_c1
_iFJ00891
_lCCODEBUJ1
_mBUJ
_p7.51
_r0
_sY
_tBOOK
_u2016-7-13
_xFCE
_PP08
_0COMPRA
_o.STAFF. Colección General Juliaca
949 _a001.42 V19 2007
_wDEWEY
_c2
_iFJ00892
_lCCODEBUJ1
_mBUJ
_p7.51
_r0
_sY
_tBOOK
_u2016-7-13
_xFCE
_PP04
_0COMPRA
_o.STAFF. Colección General Juliaca
949 _a001.42 V19 2007
_wDEWEY
_c3
_iFJ00893
_lCCODEBUJ1
_mBUJ
_p7.51
_r0
_sY
_tBOOK
_u2016-7-13
_xFCE
_PP08
_0COMPRA
_o.STAFF. Colección General Juliaca
994 _aC0
_bPEPRU
596 _a1 3
999 _a001.42 V19 2007
_wDEWEY
_c47757
_i58920
_d47757
_e2016-4-18
_f2021-11-4
_g6
_lCCODEBUL1
_mBUL
_n1
_p12.00
_q1
_r0
_sY
_tBOOK
_u2015-6-25
_xBIBLIOTECA
_PP08
_0COMPRA
_o.STAFF. Colección Ciencias Empresariales
999 _a001.42 V19
_wDEWEY
_c1
_iFJ00891
_d2018-5-31
_e2018-5-24
_f2021-12-27
_g4
_lCCODEBUJ1
_mBUJ
_n4
_p7.51
_r0
_sY
_tBOOK
_u2016-7-13
_xINGENIERIA
_PP27
_0COMPRA
_o.STAFF. Colección General Juliaca
999 _a001.42 V19
_wDEWEY
_c2
_iFJ00892
_d2018-4-23
_e2018-4-19
_f2021-12-27
_g4
_lCCODEBUJ1
_mBUJ
_n2
_p7.51
_q2
_r0
_sY
_tBOOK
_u2016-7-13
_xFCE
_PP04
_0COMPRA
_o.STAFF. Colección General Juliaca
999 _a001.42 V19
_wDEWEY
_c3
_iFJ00893
_e2017-5-12
_f2021-12-27
_g4
_lCCODEBUJ1
_mBUJ
_n2
_p7.51
_r0
_sY
_tBOOK
_u2016-7-13
_xFCE
_PP08
_0COMPRA
_o.STAFF. Colección General Juliaca
980 _81
_gALBERTO SANCHEZ Responsable de Automatización